Quiz Seconde guerre mondiale - Statistiques

Statistiques générales
  • Ce quiz a été pris 334 fois
  • Le résultat moyen est 8 sur 15
Statistiques - réponses
Question Réponse % Correct
Le chef d'état de l'Allemagne pendant la Guerre est Adolf Hitler
98%
La Guerre débute en 1939
97%
Pearl Harbor est une base militaire dans l'archipel d'Hawaii
85%
Stalingrad est une victoire Russe
82%
Le Pays de l'axe subissant le plus de pertes humaines est l'Allemagne
66%
Le massacre de Nankin est Commis par les Japonais
65%
L'Operation Barbarossa désigne L'invasion de la Russie en 1941
56%
On estime les massacres dans les chambres à gaz à 6 millions
55%
La conférence de Yalta en 1945 Comprend Staline,Roosevelt,Churchill
47%
Pendant la majorité du conflit la Finlande est allié à l'Allemagne Vrai
40%
La fin de la guerre donne lieu A la dissolution de la société des nations
36%
La Chine est dirigé pendant la Guerre par Tchang Kaï-chek
34%
Fat man est le surnom de La bombe A de Nagasaki
28%
Les Etats-Unis impliquent sur la totalité de la guerre près de 15 millions de soldats
16%
La Bataille impliquant le plus de pertes humaines est Leningrad
11%
Aucun quiz correspondant
Distribution des résultats
% des personnes avec chaque résultat
Percentile par nombre de réponses
Votre historique - résultats
Vous n’avez pas pris ce quiz